[Event "Drammen CC-ch"]
[Site "Drammen"]
[Date "2015.02.10"]
[Round "4"]
[White "Dawar, Emal"]
[Black "Emgard, Runar"]
[Result "1-0"]
[WhiteElo "1705"]
[BlackElo "1745"]
[PlyCount "99"]
[EventDate "2015.01.13"]
[EventType "swiss"]
[EventRounds "9"]
[EventCountry "NOR"]
[SourceTitle "EXT 2024"]
[Source "ChessBase"]
[SourceDate "2023.10.10"]
[SourceVersion "1"]
[SourceVersionDate "2023.10.10"]
[SourceQuality "1"]

1. e4 e6 2. d4 d5 3. Nc3 dxe4 4. f3 Nf6 5. fxe4 c5 6. Bg5 cxd4 7. Nf3 h6 8. Bxf6 Qxf6 9. Qxd4 Qxd4 10. Nxd4 Bb4 11. Ndb5 Ba5 12. 0-0-0 0-0 13. Rd3 a6 14. Nd4 b5 15. Be2 Bb7 16. Bf3 Nd7 17. Nxe6 Ne5 18. Nxf8 Nxd3+ 19. cxd3 Kxf8 20. a3 Rc8 21. Kc2 b4 22. axb4 Bxb4 23. Kb3 a5 24. g4 Bc6 25. h4 Rb8 26. Kc2 Rc8 27. g5 hxg5 28. hxg5 Kg8 29. Bg4 Rc7 30. Kd2 Be7 31. g6 Bg5+ 32. Ke2 fxg6 33. Be6+ Kf8 34. Rh7 Ke7 35. Bd5 Bd7 36. d4 Bg4+ 37. Kd3 Rc8 38. Rh1 Bh5 39. Ra1 Bf4 40. Rxa5 g5 41. Bc4 Bf7 42. Ra7+ Rc7 43. Nd5+ Bxd5 44. Rxc7+ Bxc7 45. Bxd5 g4 46. e5 g5 47. Ke4 Bb6 48. Kd3 g3 49. Bg2 g4 50. Ke4 1-0

[Event "Drammen CC-ch"]
[Site "Drammen"]
[Date "2015.01.20"]
[Round "2"]
[White "Dawar, Emal"]
[Black "Edvardsen, Oystein"]
[Result "1-0"]
[WhiteElo "1705"]
[BlackElo "1672"]
[PlyCount "23"]
[EventDate "2015.01.13"]
[EventType "swiss"]
[EventRounds "9"]
[EventCountry "NOR"]
[SourceTitle "EXT 2024"]
[Source "ChessBase"]
[SourceDate "2023.10.10"]
[SourceVersion "1"]
[SourceVersionDate "2023.10.10"]
[SourceQuality "1"]

1. d4 f5 2. e4 fxe4 3. Nc3 Nf6 4. Bg5 c6 5. f3 exf3 6. Nxf3 d5 7. Ne5 Nbd7 8. Bxf6 Nxf6 9. Bd3 g6 10. 0-0 Qb6 11. Kh1 Qxd4 12. Bxg6+ 1-0

[Event "Drammen CC-ch"]
[Site "Drammen"]
[Date "2013.02.19"]
[Round "4"]
[White "Hamre, Einar"]
[Black "Dawar, Emal"]
[Result "1-0"]
[WhiteElo "1767"]
[BlackElo "1636"]
[PlyCount "39"]
[EventDate "2013.01.15"]
[EventType "swiss"]
[EventRounds "9"]
[EventCountry "NOR"]
[SourceTitle "EXT 2024"]
[Source "ChessBase"]
[SourceDate "2023.10.10"]
[SourceVersion "1"]
[SourceVersionDate "2023.10.10"]
[SourceQuality "1"]

1. e4 e6 2. d4 d5 3. Nc3 Bb4 4. a3 Bxc3+ 5. bxc3 dxe4 6. Qg4 f5 7. Qxg7 Qf6 8. Qxc7 Ne7 9. Bf4 Nbc6 10. Be5 Nxe5 11. dxe5 Qh6 12. Rd1 Kf7 13. Bc4 Rg8 14. g3 f4 15. Ne2 f3 16. Nd4 e3 17. Nf5 Qg5 18. Nxe3 b5 19. Bxb5 a5 20. Rd4 1-0

[Event "Drammen CC-ch Class1"]
[Site "Drammen"]
[Date "2012.03.13"]
[Round "6"]
[White "Dawar, Emal"]
[Black "Hamre, Einar"]
[Result "1-0"]
[WhiteElo "1526"]
[BlackElo "1699"]
[PlyCount "99"]
[EventDate "2012.01.17"]
[EventType "swiss"]
[EventRounds "9"]
[EventCountry "NOR"]
[SourceTitle "EXT 2024"]
[Source "ChessBase"]
[SourceDate "2023.10.10"]
[SourceVersion "1"]
[SourceVersionDate "2023.10.10"]
[SourceQuality "1"]

1. e4 Nf6 2. Nc3 e5 3. Bc4 Nc6 4. Nf3 Be7 5. d3 d6 6. h3 h6 7. Be3 Na5 8. Bb3 c5 9. Nd5 Nxb3 10. Nxf6+ Bxf6 11. axb3 0-0 12. g4 g5 13. Nd2 Bg7 14. Nf1 Qe7 15. c4 Be6 16. Ng3 a6 17. Qf3 Rab8 18. 0-0 b5 19. Ra2 bxc4 20. bxc4 Rb3 21. Nf5 Bxf5 22. exf5 Qb7 23. Qxb7 Rxb7 24. Rfa1 Rb6 25. b4 Rxb4 26. Rxa6 Rd8 27. R1a3 Rb7 28. Kg2 Bf8 29. Kf3 Kg7 30. Ke4 Rb1 31. Ra1 Rdb8 32. Kf3 R1b3 33. R1a3 Rxa3 34. Rxa3 Rb1 35. Bd2 Kf6 36. Ra8 Be7 37. h4 gxh4 38. Rh8 Rd1 39. Bxh6 Rxd3+ 40. Be3 Kg7 41. Rh5 f6 42. Ke4 Rc3 43. Kd5 Rd3+ 44. Ke6 Bd8 45. Rxh4 Rc3 46. Kd7 Bb6 47. g5 fxg5 48. Bxg5 Rf3 49. Ke6 Rxf2 50. Bf6+ 1-0

[Event "Drammen CC-ch Class1"]
[Site "Drammen"]
[Date "2012.01.17"]
[Round "4"]
[White "Dawar, Emal"]
[Black "Imsrud, Benjamin"]
[Result "1-0"]
[WhiteElo "1526"]
[BlackElo "1573"]
[PlyCount "95"]
[EventDate "2012.01.17"]
[EventType "swiss"]
[EventRounds "9"]
[EventCountry "NOR"]
[SourceTitle "EXT 2024"]
[Source "ChessBase"]
[SourceDate "2023.10.10"]
[SourceVersion "1"]
[SourceVersionDate "2023.10.10"]
[SourceQuality "1"]

1. e4 e5 2. Nf3 Nc6 3. Bc4 Nf6 4. d3 Be7 5. c3 0-0 6. h3 d5 7. exd5 Nxd5 8. 0-0 Nb6 9. Bb3 Bf5 10. Bc2 Qd7 11. Qe2 f6 12. Nbd2 Kh8 13. Nh4 Be6 14. d4 f5 15. Qh5 Bxh4 16. Qxh4 exd4 17. Nf3 d3 18. Ng5 Bg8 19. Bb3 g6 20. Be3 Bxb3 21. axb3 Nd5 22. Bc5 Rfe8 23. Rad1 Nf6 24. Nf3 Ne4 25. Be3 Kg8 26. b4 Rad8 27. Bg5 Nxg5 28. Nxg5 Qg7 29. Qc4+ Kf8 30. Ne6+ Rxe6 31. Qxe6 d2 32. Qe3 Qd7 33. f4 a5 34. bxa5 Kg8 35. b4 Qe7 36. Qxe7 Nxe7 37. Rf2 Rd3 38. c4 Rd4 39. Rfxd2 Rxc4 40. Rd4 Rc3 41. Rd7 Kf8 42. b5 Rb3 43. Re1 Ng8 44. a6 Rxb5 45. a7 Ra5 46. Rd8+ Kf7 47. a8Q Rxa8 48. Rxa8 1-0

[Event "Drammen CC-ch Class1"]
[Site "Drammen"]
[Date "2012.01.17"]
[Round "2"]
[White "Emgard, Runar"]
[Black "Dawar, Emal"]
[Result "0-1"]
[WhiteElo "1421"]
[BlackElo "1526"]
[PlyCount "110"]
[EventDate "2012.01.17"]
[EventType "swiss"]
[EventRounds "9"]
[EventCountry "NOR"]
[SourceTitle "EXT 2024"]
[Source "ChessBase"]
[SourceDate "2023.10.10"]
[SourceVersion "1"]
[SourceVersionDate "2023.10.10"]
[SourceQuality "1"]

1. c4 f5 2. d4 Nf6 3. Nc3 c6 4. g3 e6 5. Bg2 d5 6. cxd5 exd5 7. e3 Bd6 8. Nge2 0-0 9. 0-0 a6 10. a3 b5 11. b4 Ra7 12. Bd2 g5 13. Qc1 Rg7 14. f4 g4 15. Ra2 Nbd7 16. Qe1 Nb6 17. Nc1 Rg6 18. Nd3 Rh6 19. Ne5 Qe8 20. Qf2 Be6 21. Rc2 Bxe5 22. fxe5 Ne4 23. Bxe4 dxe4 24. Qf4 Qh5 25. Bc1 Rf7 26. Qf2 Bc4 27. Re1 Nd7 28. Ne2 Bxe2 29. Rexe2 Nf8 30. Rc5 Rc7 31. d5 Nd7 32. Rxc6 Rhxc6 33. dxc6 Nxe5 34. Bb2 Nf3+ 35. Kh1 Rxc6 36. Rc2 Qe8 37. Bd4 Qd7 38. Rxc6 Qxc6 39. Qa2+ Qc4 40. Qxc4+ bxc4 41. Bc3 Kf7 42. a4 Ke8 43. b5 axb5 44. axb5 Kd7 45. Kg2 Kc7 46. Ba5+ Kb7 47. h3 h5 48. hxg4 fxg4 49. Kf2 Ne5 50. Ke2 Nf7 51. Kd2 Nd6 52. Kc3 Nf5 53. Kxc4 Nxg3 54. Bd8 Nf5 55. Kd5 g3 0-1

[Event "Drammen CC-ch Class1"]
[Site "Drammen"]
[Date "2011.03.08"]
[Round "6"]
[White "Dawar, Emal"]
[Black "Edvardsen, Oystein"]
[Result "1-0"]
[WhiteElo "1498"]
[BlackElo "1399"]
[PlyCount "75"]
[EventDate "2011.01.11"]
[EventType "swiss"]
[EventRounds "9"]
[EventCountry "NOR"]
[SourceTitle "EXT 2024"]
[Source "ChessBase"]
[SourceDate "2023.10.10"]
[SourceVersion "1"]
[SourceVersionDate "2023.10.10"]
[SourceQuality "1"]

1. e4 a6 2. d4 b5 3. Bg5 h6 4. Bf4 g5 5. Bg3 Bb7 6. Nd2 d6 7. a4 b4 8. h4 gxh4 9. Bxh4 Bg7 10. Nb3 Bxe4 11. Qg4 Bg6 12. 0-0-0 h5 13. Qg3 Qd7 14. Qf3 Qc6 15. Bd3 Nf6 16. d5 Qxa4 17. Bxg6 fxg6 18. Re1 Nbd7 19. Qe2 Nxd5 20. Qe6 Bxb2+ 21. Kd1 Nc3+ 22. Kd2 0-0-0 23. Nf3 Kb8 24. Bxe7 Nc5 25. Qc4 N5e4+ 26. Rxe4 Nxe4+ 27. Qxe4 Bc3+ 28. Kd1 Rde8 29. Nfd4 Bxd4 30. Qxd4 Rh7 31. Bg5 Qb5 32. Be3 c5 33. Qxd6+ Kc8 34. Qxg6 Rd7+ 35. Kc1 Rxe3 36. fxe3 c4 37. Rxh5 Qb7 38. Nc5 1-0

[Event "Drammen CC-ch Class1"]
[Site "Drammen"]
[Date "2011.02.22"]
[Round "5"]
[White "Dawar, Emal"]
[Black "Thjomoe, Hans Richard"]
[Result "0-1"]
[WhiteElo "1498"]
[BlackElo "1696"]
[PlyCount "112"]
[EventDate "2011.01.11"]
[EventType "swiss"]
[EventRounds "9"]
[EventCountry "NOR"]
[SourceTitle "EXT 2024"]
[Source "ChessBase"]
[SourceDate "2023.10.10"]
[SourceVersion "1"]
[SourceVersionDate "2023.10.10"]
[SourceQuality "1"]

1. e4 g6 2. Nf3 Bg7 3. c3 c5 4. Bc4 Nc6 5. d3 e6 6. 0-0 Nge7 7. Re1 0-0 8. Bg5 h6 9. Bxe7 Nxe7 10. Bb3 d5 11. Qe2 b6 12. exd5 Nxd5 13. Bxd5 Qxd5 14. Na3 Bb7 15. Qe4 Rad8 16. Qxd5 Rxd5 17. Rad1 Rfd8 18. Re3 g5 19. Ne1 Ba6 20. Nac2 g4 21. f4 e5 22. fxe5 Bxe5 23. g3 Bf6 24. Re4 h5 25. Ne3 R5d7 26. Nc4 Bb7 27. Rf4 Kg7 28. Rf5 Kg6 29. Rf4 Re7 30. Rf2 Bg5 31. Kf1 b5 32. Na5 Ba8 33. Re2 Re3 34. Rxe3 Bxe3 35. Nc2 Bg5 36. Ne1 Rd6 37. d4 c4 38. b4 Rf6+ 39. Ke2 h4 40. d5 Rd6 41. Rd4 f5 42. Nc6 Bxc6 43. dxc6 Rxc6 44. Rd5 Re6+ 45. Kd1 a6 46. Nc2 hxg3 47. hxg3 Bf6 48. Kd2 Be5 49. Ne3 Bxc3+ 50. Kxc3 Rxe3+ 51. Kc2 Re2+ 52. Kb1 Kf6 53. Rd6+ Re6 54. Rd8 Ke5 55. Kc2 Ke4 56. Rf8 Rd6 0-1

[Event "Drammen CC-ch Class1"]
[Site "Drammen"]
[Date "2011.02.15"]
[Round "4"]
[White "Haugjord, Sverre"]
[Black "Dawar, Emal"]
[Result "0-1"]
[WhiteElo "1269"]
[BlackElo "1498"]
[PlyCount "70"]
[EventDate "2011.01.11"]
[EventType "swiss"]
[EventRounds "9"]
[EventCountry "NOR"]
[SourceTitle "EXT 2024"]
[Source "ChessBase"]
[SourceDate "2023.10.10"]
[SourceVersion "1"]
[SourceVersionDate "2023.10.10"]
[SourceQuality "1"]

1. d4 Nf6 2. Nf3 d5 3. e3 Bg4 4. Be2 e6 5. 0-0 Bd6 6. Nbd2 Nbd7 7. h3 h5 8. c4 c5 9. cxd5 exd5 10. b3 Bb8 11. Bb2 Bf5 12. Rc1 Bd6 13. dxc5 Bxc5 14. Nd4 Bxd4 15. Bxd4 Bg6 16. Nf3 h4 17. Ne5 Nxe5 18. Bxe5 0-0 19. Qd4 Ne8 20. Rfd1 Qa5 21. a4 Qd8 22. Qxd5 Qxd5 23. Rxd5 f6 24. Bf4 Bf7 25. Rb5 g5 26. Bh2 b6 27. Rb4 Rd8 28. Bc4 Kg7 29. Bxf7 Rxf7 30. Rd4 Rxd4 31. exd4 Rd7 32. Rd1 Rd5 33. Kf1 Kg6 34. Ke2 Ng7 35. Kd3 Rd7 0-1

[Event "Drammen Autumn"]
[Site "Drammen"]
[Date "2010.10.26"]
[Round "6"]
[White "Dawar, Emal"]
[Black "Roholdt, Njaal"]
[Result "1-0"]
[WhiteElo "1477"]
[BlackElo "1334"]
[PlyCount "65"]
[EventDate "2010.09.07"]
[EventType "swiss"]
[EventRounds "9"]
[EventCountry "NOR"]
[SourceTitle "EXT 2024"]
[Source "ChessBase"]
[SourceDate "2023.10.10"]
[SourceVersion "1"]
[SourceVersionDate "2023.10.10"]
[SourceQuality "1"]

1. e4 c5 2. Nf3 d6 3. d4 cxd4 4. Nxd4 a6 5. Nc3 Nf6 6. h3 g6 7. Be3 Bg7 8. g4 e5 9. Nde2 Be6 10. Bg2 0-0 11. Qd2 Nc6 12. a3 Rc8 13. 0-0 Bxg4 14. hxg4 Nxg4 15. Bg5 f6 16. Bh3 fxg5 17. Bxg4 Rc7 18. Nd5 Rc8 19. Bxc8 Qxc8 20. Qxg5 Rf3 21. a4 Rh3 22. Ng3 Bh6 23. Nf6+ Kf7 24. Qg4 Qxg4 25. Nxg4 Bf4 26. c3 Kg7 27. Kg2 Rh4 28. f3 h5 29. Nf2 Be3 30. Rad1 Bc5 31. b4 Nxb4 32. cxb4 Bxb4 33. Nd3 1-0

[Event "Drammen Autumn"]
[Site "Drammen"]
[Date "2009.09.22"]
[Round "3"]
[White "Dawar, Emal"]
[Black "Herregarden, Bjorn Erik"]
[Result "1-0"]
[WhiteElo "1427"]
[BlackElo "1449"]
[PlyCount "48"]
[EventDate "2009.09.08"]
[EventType "swiss"]
[EventRounds "9"]
[EventCountry "NOR"]
[SourceTitle "EXT 2024"]
[Source "ChessBase"]
[SourceDate "2023.10.10"]
[SourceVersion "1"]
[SourceVersionDate "2023.10.10"]
[SourceQuality "1"]

1. e4 Nf6 2. Nc3 d5 3. exd5 Nxd5 4. Qf3 Nxc3 5. Qxc3 Nc6 6. Nf3 Bf5 7. Bb5 Qd6 8. 0-0 a6 9. Bxc6+ bxc6 10. Ne5 Be4 11. d3 Bd5 12. Bf4 Qf6 13. Bg3 h5 14. h3 h4 15. Bh2 e6 16. f4 Rb8 17. Qa5 Rb6 18. c4 Bxc4 19. Nxc4 Bb4 20. Qa4 Qd4+ 21. Kh1 Rb5 22. f5 Qxd3 23. Ne5 Qe4 24. a3 Ra5 1-0

[Event "Vadsosjakken op"]
[Site "Vadso"]
[Date "2008.08.30"]
[Round "3"]
[White "Sokolov, Artyom"]
[Black "Dawar, Emal"]
[Result "1-0"]
[WhiteElo "1400"]
[BlackElo "1442"]
[PlyCount "75"]
[EventDate "2008.08.??"]
[EventType "swiss"]
[EventRounds "5"]
[EventCountry "NOR"]
[SourceTitle "EXT 2010"]
[Source "ChessBase"]
[SourceDate "2010.11.25"]
[SourceVersion "1"]
[SourceVersionDate "2010.11.25"]
[SourceQuality "1"]

1. f4 f5 2. Nf3 Nf6 3. g3 e6 4. Bg2 Nc6 5. d3 d5 6. Be3 Qd6 7. a3 b6 8. Nbd2 Ba6 9. Nb3 Ng4 10. Bd2 Be7 11. h3 Nh6 12. Bc3 Bf6 13. e3 0-0-0 14. Qd2 Nf7 15. 0-0-0 Rhg8 16. g4 Bxc3 17. Qxc3 Bb7 18. Nfd4 Kb8 19. Nxc6+ Qxc6 20. Qxc6 Bxc6 21. Nd4 Bd7 22. gxf5 c5 23. fxe6 cxd4 24. exf7 Rgf8 25. Bxd5 Bxh3 26. e4 Bg4 27. Rdg1 h5 28. Kd2 Rxd5 29. exd5 Rxf7 30. Rf1 Kc7 31. c4 dxc3+ 32. bxc3 Kd6 33. c4 Kc5 34. Kc3 g6 35. Rhg1 Bf5 36. Re1 h4 37. Rxg6 Rc7 38. d4# 1-0